[Event "AUTO-ADV-1268"]
[Site "http://www.queenalice.com/game.php?id=562206"]
[Date "2009.3.26"]
[Round "1"]
[White "heckaugusto"]
[Black "Gera"]
[Result "0-1"]
[WhiteElo "1571"]
[BlackElo "1929"]

1. e4 d6 2. Nf3 e5 3. d4 Bg4 4. Be2 Nd7 5. O-O Be7 6. Be3 Ngf6 7. Qd3 O-O 8.
Nbd2 Ne8 9. c3 f5 10. exf5 Bxf5 11. Qb5 e4 12. Ne1 Nb6 13. Rd1 d5 14. f3 c6 15.
Qb3 Nf6 16. fxe4 Bxe4 17. Nxe4 Nxe4 18. Rxf8+ Qxf8 19. Nf3 Bd6 20. Rf1 Qe7 21.
Bd3 Ng3 22. hxg3 Qxe3+ 23. Rf2 Qxd3 24. Ne1 Qe3 0-1

[Event "AUTO-ADV-1268"]
[Site "http://www.queenalice.com/game.php?id=562207"]
[Date "2009.3.26"]
[Round "1"]
[White "Gera"]
[Black "heckaugusto"]
[Result "1-0"]
[WhiteElo "1907"]
[BlackElo "1616"]

1. d4 d5 2. c4 dxc4 3. Nc3 Nf6 4. e3 e6 5. Bxc4 Bb4 6. Bd2 c5 7. Nge2 Nc6 8. Qc2
cxd4 9. exd4 Nxd4 10. Nxd4 Qxd4 11. Bb5+ Bd7 12. Bxd7+ Nxd7 13. O-O Rc8 14. Rad1
O-O 15. Qb3 Nc5 16. Qc2 Rfd8 17. Be3 Qe5 18. Rxd8+ Rxd8 19. Nb5 a6 20. Bd4 Rxd4
21. Nxd4 Qxd4 22. Rd1 Qf6 23. a3 Bxa3 24. bxa3 b6 25. Rd6 g6 26. Qd1 Ne4 27.
Rd8+ Kg7 28. Qd4 Qxd4 29. Rxd4 f5 30. f3 Nf6 31. Rd6 Nd5 32. Rxe6 Kf7 33. Re2 h5
34. Kf2 g5 35. Ke1 Kf6 36. Kd2 b5 37. g3 a5 38. Kd3 b4 39. axb4 Nxb4+ 40. Kc4 f4
41. Kb5 Nd3 42. Kxa5 fxg3 43. hxg3 Kf5 44. Kb5 h4 45. gxh4 gxh4 46. Rh2 Kg5 47.
Kc4 Nf4 48. Kd4 h3 49. Ke4 Ne6 50. Rxh3 Nf4 51. Rg3+ 1-0

[Event "Challenge"]
[Site "http://www.queenalice.com/game.php?id=574117"]
[Date "2009.4.18"]
[Round "-"]
[White "Andrei_78"]
[Black "heckaugusto"]
[Result "1-0"]
[WhiteElo "1651"]
[BlackElo "1636"]

1. e4 c5 2. Nc3 Nc6 3. a3 Nf6 4. d3 d6 5. Nf3 Bg4 6. h3 Bxf3 7. Qxf3 e6 8. Be3
Be7 9. Be2 Rc8 10. O-O Nd4 11. Bxd4 cxd4 12. Nb5 Rxc2 13. Rab1 Qb6 14. a4 a6 15.
Na3 Rxb2 16. Nc4 Qb4 17. Nxb2 1-0

[Event "AUTO-OPEN-1523"]
[Site "http://www.queenalice.com/game.php?id=575745"]
[Date "2009.4.22"]
[Round "1"]
[White "brido83"]
[Black "heckaugusto"]
[Result "1-0"]
[WhiteElo "1734"]
[BlackElo "1633"]

1. e4 e5 2. Nf3 Nc6 3. Bb5 a6 4. Ba4 d6 5. O-O Nf6 6. Re1 b5 7. Bb3 Be7 8. c3
O-O 9. d3 Bg4 10. h3 Bh5 11. Bg5 Na5 12. Bc2 c5 13. Nbd2 h6 14. Bh4 g5 15. Bg3
Nd7 16. Nf1 f5 17. Bh2 f4 18. b4 cxb4 19. cxb4 Nc6 20. a3 Rc8 21. Bb3+ Kg7 22.
N1d2 Nb6 23. Nb1 d5 24. Nc3 dxe4 25. Nxe4 Nd4 26. Ba2 Nxf3+ 27. gxf3 Nd5 28. Kg2
Nc3 29. Nxc3 Rxc3 30. Rxe5 Rxd3 31. Rxe7+ Kh8 32. Qe1 Bxf3+ 33. Kg1 Rxa3 34.
Qe5+ 1-0

[Event "AUTO-OPEN-1523"]
[Site "http://www.queenalice.com/game.php?id=575746"]
[Date "2009.4.22"]
[Round "1"]
[White "heckaugusto"]
[Black "brido83"]
[Result "0-1"]
[WhiteElo "1563"]
[BlackElo "1768"]

1. e4 e6 2. d4 d5 3. Nd2 c5 4. Ngf3 Nc6 5. Bb5 Bd7 6. exd5 exd5 7. O-O Nf6 8.
Re1+ Be7 9. Nb3 c4 10. Nc5 O-O 11. Bxc6 bxc6 12. Ne5 Bxc5 13. dxc5 Re8 14. Bg5
h6 15. Bxf6 gxf6 16. Nxd7 Qxd7 17. Qd2 Kg7 18. Re3 Rxe3 19. fxe3 Qg4 20. Re1 Re8
21. b3 d4 22. h3 Qe4 23. Kf2 c3 24. Qxd4 Qxc2+ 25. Re2 Qf5+ 26. Kg1 c2 27. Qc3
Qg5 28. Qxc2 Rxe3 29. Rxe3 Qxe3+ 30. Kh2 Qf4+ 31. g3 Qd4 32. a3 Qd5 33. b4 Qf3
34. a4 Qd5 35. b5 cxb5 36. axb5 Qd7 37. c6 Qc7 38. Qc5 Kg6 39. Qd5 Kg7 40. Qd7
Qb6 41. Qd5 Qf2+ 42. Qg2 Qc5 43. Qe2 Qb6 0-1

[Event "AUTO-OPEN-1523"]
[Site "http://www.queenalice.com/game.php?id=575761"]
[Date "2009.4.22"]
[Round "1"]
[White "Vetao"]
[Black "heckaugusto"]
[Result "1-0"]
[WhiteElo "1756"]
[BlackElo "1576"]

1. e4 c5 2. Bc4 e6 3. d4 Nc6 4. d5 exd5 5. Bxd5 Nf6 6. Qe2 Qe7 7. Nc3 d6 8. Nf3
Bg4 9. Be3 Nxd5 10. Nxd5 Qxe4 11. Nc7+ Kd7 12. Nxa8 Be7 13. O-O-O Rxa8 14. h3
Bh5 15. g4 Bg6 16. Rd2 Kc7 17. Rhd1 Rd8 18. Rd3 Ne5 19. Nxe5 Qxe5 20. Rb3 b6 21.
Qa6 Kb8 22. Qb5 d5 23. Qc6 d4 24. Bd2 Rc8 25. Rxb6+ axb6 26. Qxb6+ Ka8 27. Ba5
Bg5+ 28. Bd2 Bxd2+ 29. Rxd2 Qe1+ 30. Rd1 Qe6 31. Qa5+ Kb7 32. Re1 Qd6 33. a3 Rc6
34. Re8 Ra6 35. Qb5+ Rb6 36. Qa5 Qf4+ 37. Kb1 Bxc2+ 38. Kxc2 1-0

[Event "AUTO-OPEN-1523"]
[Site "http://www.queenalice.com/game.php?id=575762"]
[Date "2009.4.22"]
[Round "1"]
[White "heckaugusto"]
[Black "Vetao"]
[Result "0-1"]
[WhiteElo "1621"]
[BlackElo "1840"]

1. e4 e5 2. Nf3 Qf6 3. c3 Nc6 4. Bb5 Be7 5. d4 exd4 6. cxd4 Bb4+ 7. Ke2 a6 8.
Ba4 b5 9. Bc2 d6 10. a3 Ba5 11. b4 Bb6 12. Bg5 Nxd4+ 13. Kd3 Qe6 14. Nxd4 Qc4+
15. Ke3 f6 16. Bh4 Ne7 17. f3 Bb7 18. Bb3 Bxd4+ 19. Qxd4 Qxb3+ 20. Kf2 O-O 21.
Nd2 Qe6 22. Rhc1 Bc6 23. Ra2 Qxa2 0-1

[Event "Challenge"]
[Site "http://www.queenalice.com/game.php?id=576544"]
[Date "2009.4.23"]
[Round "-"]
[White "Andrei_78"]
[Black "heckaugusto"]
[Result "0-1"]
[WhiteElo "1693"]
[BlackElo "1614"]

1. e4 Nf6 2. d3 e5 3. h3 Bc5 4. a3 c6 5. Nf3 d6 6. Be2 O-O 7. O-O Bxh3 8. gxh3
Nh5 9. Nxe5 dxe5 10. Bxh5 g6 11. Bf3 f5 12. exf5 Rxf5 13. Nc3 Qh4 14. Bg4 Rf6
15. Ne4 Nd7 16. Nxf6+ Nxf6 17. Be6+ Kg7 18. Qf3 Rf8 19. Bd2 Nd5 20. Bxd5 cxd5
21. Qxd5 Bxf2+ 22. Kh1 Qxh3# 0-1

[Event "Challenge"]
[Site "http://www.queenalice.com/game.php?id=579317"]
[Date "2009.4.28"]
[Round "-"]
[White "egs19690901"]
[Black "heckaugusto"]
[Result "1-0"]
[WhiteElo "1604"]
[BlackElo "1591"]

1. e4 e5 2. Nf3 Nf6 3. Bd3 Nc6 4. a3 d5 5. exd5 Nxd5 6. Bc4 Be6 7. Nc3 Nxc3 8.
bxc3 Bd6 9. Bxe6 fxe6 10. d3 O-O 11. Ng5 Qf6 12. Qf3 Qg6 13. Qg4 Rae8 14. O-O
Rf5 15. Qe4 Rxg5 16. Bxg5 Qxg5 17. c4 Rf8 18. g3 Qf5 19. Qxf5 exf5 20. a4 Nd4
21. c3 Nf3+ 22. Kg2 e4 23. dxe4 fxe4 24. Rab1 Nd2 25. Rfe1 Nxb1 26. Rxb1 b6 27.
a5 1-0

[Event "Challenge"]
[Site "http://www.queenalice.com/game.php?id=580923"]
[Date "2009.5.1"]
[Round "-"]
[White "Vascaisso"]
[Black "heckaugusto"]
[Result "1-0"]
[WhiteElo "1634"]
[BlackElo "1614"]

1. e4 d6 2. d4 g6 3. Nf3 Bg7 4. h3 c6 5. Be3 e5 6. dxe5 dxe5 7. Qxd8+ Kxd8 8.
Nbd2 Nd7 9. O-O-O Kc7 10. Bc4 b5 11. Bxf7 Ne7 12. Be6 Nb6 13. Bxc8 Rhxc8 14. Ng5
a5 15. Ne6+ 1-0

[Event "AUTO-ADV-1313"]
[Site "http://www.queenalice.com/game.php?id=581367"]
[Date "2009.5.2"]
[Round "1"]
[White "Gera"]
[Black "heckaugusto"]
[Result "1-0"]
[WhiteElo "1958"]
[BlackElo "1621"]

1. e4 e5 2. Nf3 Nf6 3. Nxe5 d6 4. Nf3 Nxe4 5. Bc4 Be7 6. O-O O-O 7. d3 Nf6 8.
Nc3 c5 9. a3 Nc6 10. Re1 Bf5 11. Nd5 Nxd5 12. Bxd5 Bg5 13. Nxg5 Ne5 14. d4 cxd4
15. Qxd4 Bxc2 16. f4 Nd3 17. Nxf7 Rxf7 18. Re2 Nxf4 19. Bxf4 Rc8 20. Bxd6 1-0

[Event "AUTO-ADV-1313"]
[Site "http://www.queenalice.com/game.php?id=581368"]
[Date "2009.5.2"]
[Round "1"]
[White "heckaugusto"]
[Black "Gera"]
[Result "0-1"]
[WhiteElo "1555"]
[BlackElo "1928"]

1. e4 c5 2. f4 Nc6 3. Nf3 g6 4. c3 Bg7 5. d4 cxd4 6. cxd4 Nf6 7. Nc3 O-O 8. Be3
e6 9. Rc1 d6 10. Bb5 Qb6 11. O-O Nxe4 12. Nxe4 Qxb5 13. Nxd6 Qd5 14. Nxc8 Raxc8
15. Ne5 Ne7 16. Rxc8 Rxc8 17. b3 Nf5 18. Bf2 Bf6 19. Qd2 Kg7 20. g4 Nd6 21. g5
Ne4 22. Qb4 Bxe5 23. dxe5 Nxf2 0-1

[Event "AUTO-ADV-1313"]
[Site "http://www.queenalice.com/game.php?id=581379"]
[Date "2009.5.2"]
[Round "1"]
[White "Guarani"]
[Black "heckaugusto"]
[Result "1-0"]
[WhiteElo "1994"]
[BlackElo "1565"]

1. e4 e6 2. Nf3 c5 3. Na3 Nc6 4. d3 d6 5. c3 Nf6 6. Be2 Be7 7. O-O O-O 8. b3 b6
9. Bb2 e5 10. Nd2 Bd7 11. f4 Rc8 12. fxe5 dxe5 13. Nf3 1-0

[Event "AUTO-ADV-1313"]
[Site "http://www.queenalice.com/game.php?id=581380"]
[Date "2009.5.2"]
[Round "1"]
[White "heckaugusto"]
[Black "Guarani"]
[Result "0-1"]
[WhiteElo "1567"]
[BlackElo "1992"]

1. d4 d5 2. Nf3 Nf6 3. Nc3 c5 4. dxc5 e6 5. e3 Bxc5 6. Bb5+ Bd7 7. a4 a6 8. Bd3
O-O 9. O-O Nc6 10. Ne2 e5 11. Nd2 e4 12. Bxe4 dxe4 13. Nxe4 Nxe4 0-1

[Event "AUTO-ADV-1313"]
[Site "http://www.queenalice.com/game.php?id=581385"]
[Date "2009.5.2"]
[Round "1"]
[White "Lx_"]
[Black "heckaugusto"]
[Result "1-0"]
[WhiteElo "1950"]
[BlackElo "1515"]

1. g3 e5 2. d3 Nc6 3. Bg2 f5 4. Nd2 Nf6 5. b3 Be7 6. Bb2 d6 7. e3 O-O 8. Ne2 b6
9. a3 Bb7 10. e4 fxe4 11. Nxe4 Nxe4 12. Bxe4 d5 13. Bg2 Qd7 14. O-O Rae8 15. Qd2
Rf6 16. f4 exf4 17. Bxf6 Bxf6 18. Rae1 fxg3 19. Nxg3 Bd4+ 20. Kh1 Rxe1 21. Qxe1
Ne7 22. c3 Bf6 23. Nf5 Nxf5 24. Rxf5 c5 25. Kg1 Kf8 26. Qe5 Kf7 27. Bxd5+ Bxd5
28. Qxd5+ 1-0

[Event "AUTO-ADV-1313"]
[Site "http://www.queenalice.com/game.php?id=581386"]
[Date "2009.5.2"]
[Round "1"]
[White "heckaugusto"]
[Black "Lx_"]
[Result "0-1"]
[WhiteElo "1513"]
[BlackElo "1952"]

1. d4 g6 2. c4 Bg7 3. Nc3 Nf6 4. Nf3 O-O 5. e4 d6 6. Be3 e5 7. d5 Na6 8. Be2 Ng4
9. Rc1 Nxe3 10. fxe3 f5 11. O-O f4 12. exf4 Rxf4 13. g3 Rf7 14. a3 Bh6 15. b4
Bxc1 16. Qxc1 Bg4 17. Qg5 Qxg5 18. Nxg5 Rxf1+ 19. Kxf1 Rf8+ 20. Ke1 Bd7 21. Nb5
h6 22. Nf3 Bxb5 23. cxb5 Nb8 24. a4 a6 25. bxa6 Nxa6 26. b5 Nc5 27. Nd2 Nxa4 28.
Nc4 Nc3 0-1

[Event "Challenge"]
[Site "http://www.queenalice.com/game.php?id=583695"]
[Date "2009.5.5"]
[Round "-"]
[White "Andrei_78"]
[Black "heckaugusto"]
[Result "1-0"]
[WhiteElo "1652"]
[BlackElo "1618"]

1. e4 d6 2. d3 g6 3. h3 Bg7 4. a3 Nc6 5. Nf3 Nf6 6. Bg5 e5 7. Nc3 O-O 8. Nd5 h6
9. Nxf6+ Bxf6 10. Bxh6 Re8 11. Ng5 Bxg5 12. Bxg5 Qxg5 13. c3 Be6 14. Qf3 Ne7 15.
Be2 f5 16. O-O c6 17. exf5 Bxf5 18. c4 1-0

[Event "Challenge"]
[Site "http://www.queenalice.com/game.php?id=584915"]
[Date "2009.5.7"]
[Round "-"]
[White "heckaugusto"]
[Black "solo"]
[Result "0-1"]
[WhiteElo "1603"]
[BlackElo "1700"]

1. e4 e5 2. f4 exf4 3. Nf3 f6 4. Bc4 Nh6 5. O-O d6 6. d4 a6 7. Bxf4 Bg4 8. c3 c6
9. Nbd2 d5 10. exd5 cxd5 0-1